High School Musical 2 : (Registro nro. 9190)

Detalles MARC
000 -LIDER
fixed length control field 00948nam a22002777a 4500
001 - NÚMERO DE CONTROL
Identificador de número de control 0002323
003 - IDENTIFICACDOR DE NÚMERO DE CONTROL
control field DO-SdBNP
005 - DATE AND TIME OF LATEST TRANSACTION
control field 20180126111550.0
007 - CAMPOS FIJOS DE DESCRIPCIÓN FÍSICA
fixed length control field 002323
008 - ELEMENTOS DE LONGITUD FIJA
fixed length control field 160311b 2007 sp xxu||||| |||| 00| 0 spa d
020 ## - ISBN
International Standard Book Number 9788484414131
040 ## - FUENTE DE CATALOGACIÓN
Agencia que crea de manera original el registro BPMSU
Idioma de catalogación spa
Agencia que realiza la transcripción BPMSU
041 17 - CÓDIGOS DE OBRAS TRADUCIDAS O EN VARIOS IDIOMAS
Código del idioma del texto/archivo de sonido o separata spa
Cód. del idioma original y/o traducciones intermedias del texto eng
092 ## - LOCALLY ASSIGNED DEWEY DECIMAL CALL NUMBER
Número de clasificación xxxx
Número de ítem (Cutter) xxxx
100 1# - ASIENTO PRINCIPAL -- NOMBRE PERSONAL
Nombre personal Grace, N. B.
240 10 - TITULO UNIFORME
Título uniforme High School Musical 2.
Idioma de una obra Español
245 10 - MENCIÓN DE TITULO
Título High School Musical 2 :
Subtítulo la novela /
Mención de responsabilidad adaptada por N.B. Grace ; basada en la película original de Disney Channel, High School Musical, escrita por Peter Barsocchini ; traducción, Ana Guelbenzu.
246 10 - VARIACION DEL TÍTULO
Título propiamente dicho o título corto High school musical two
260 ## - PUBLICACIÓN, DISTRIBUCIÓN, ETC. (PIE DE IMPRENTA)
Lugar de publicación, distribución, etc Barcelona :
Nombre del editor, distribuidor, etc. Montena,
Fecha de publicación, distribución, etc 2008.
300 ## - DESCRIPCIÓN FÍSICA
Extensión 136, [8] p. :
Otros detalles físicos il. ;
Dimensiones 20 cm.
700 12 - ASIENTO SECUNDARIO -- NOMBRE PERSONAL
Nombre personal Barsocchini, Peter. High School Musical 2
700 12 - ASIENTO SECUNDARIO -- NOMBRE PERSONAL
Nombre personal Guelbenzu, Ana,
Mención de responsabilidad tr.
942 ## - ADDED ENTRY ELEMENTS (KOHA)
Source of classification or shelving scheme Dewey Decimal Classification
Koha item type Libros
945 ## - INFORMACIÓN DE PROCESAMIENTO LOCAL
Información de procesamiento local Inventariado extranjero / 2018 VM
956 ## - LOCAL ELECTRONIC LOCATION AND ACCESS (OCLC)
Método de acceso LOPEREZ
Materiales especificados 10
Enlace BPMSU
Existencias
Withdrawn status Lost status Source of classification or shelving scheme Damaged status Not for loan Collection code Home library Current library Date acquired Source of acquisition Total Checkouts Barcode Date last seen Price effective from Koha item type
    Dewey Decimal Classification     Colección General Biblioteca Pública Metropolitana Salomé Ureña Biblioteca Pública Metropolitana Salomé Ureña 03/11/2016 FUNDI   BPMSU16030070 03/11/2016 03/11/2016 Libros